000
00320nam a22001337a 4500
008
170605b xxu||||| |||| 00| 0 eng d
020
_a
9780304355297
041
_a
eng
080
_a
94(100)
100
_a
18
101
_a
SHH
245
_a
BRITISH AND AMERICAN TANKS OF WORLD WAR TWO
_c
CHAMBERLAIN,P
942
_2
udc
_c
BK
999
_c
15885
_d
15885